| 000 | 00470pab a2200193 454500 | ||
|---|---|---|---|
| 008 | 180718b2006 xxu||||| |||| 00| 0 eng d | ||
| 100 | _aYilmaz, Murat | ||
| 245 | _aFunding social movements through fair trade | ||
| 260 | _c2006 | ||
| 300 | _ap.40-44. | ||
| 362 | _aJun | ||
| 650 | _aTrade | ||
| 650 | _aGlobalization | ||
| 650 | _aLiberalization | ||
| 650 | _aWorld Trade Organization | ||
| 650 | _aSocial movements | ||
| 773 | _aDevelopment | ||
| 909 | _a71502 | ||
| 999 |
_c71502 _d71502 |
||